000 00680nam a2200217 a 4500
005 20220528063529.0
008 130918s2010 es r 000 0 spa d
020 _a9788444145037
035 _aUPN01000192985
049 _aCG
050 4 _aPQ6663 O5.74
_bG3.2
100 1 _aMonreal, Violeta,
_d1963-
_929361
245 1 0 _aGabriel :
_bel que siempre quiere ganar /
_cVioleta Monreal.
260 _aLeón, Esp. :
_bEverest,
_c2010.
300 _a126 p. :
_bil. col.
440 0 _aNo solo fútbol ;
_v2.
_pA partir de 10 años
650 0 _aLiteratura juvenil española
_912359
650 4 _aFUTBOL (SOCCER) -
_vLITERATURA JUVENIL
_917144
905 _aLibro
999 _c165086
_d165086